8 steps to a healthy heart : (Record no. 121079)

MARC details
000 -LEADER
fixed length control field 01065nam a2200289 a 4500
008 - FIXED-LENGTH DATA ELEMENTS--GENERAL INFORMATION
fixed length control field
020 ## - INTERNATIONAL STANDARD BOOK NUMBER
International Standard Book Number 9781875574094 (paperback)
040 ## - CATALOGING SOURCE
Original cataloging agency NUST
Transcribing agency NUST
049 ## - LOCAL HOLDINGS (OCLC)
Holding library MAIN
090 ## - LOCALLY ASSIGNED LC-TYPE CALL NUMBER (OCLC); LOCAL CALL NUMBER (RLIN)
Classification number (OCLC) (R) ; Classification number, CALL (RLIN) (NR) RC672
Local cutter number (OCLC) ; Book number/undivided call number, CALL (RLIN) KOW
003 - CONTROL NUMBER IDENTIFIER
control field
005 - DATE AND TIME OF LATEST TRANSACTION
control field 20230120204322.0
100 1# - MAIN ENTRY--PERSONAL NAME
Personal name Kowalski, Robert E.,
-- author.
245 10 - TITLE STATEMENT
Title 8 steps to a healthy heart :
Remainder of title the complete guide to heart disease prevention and recovery from heart attack and bypass surgery/
Statement of responsibility, etc. Robert E Kowalski.
260 ## - PUBLICATION, DISTRIBUTION, ETC.
Place of publication, distribution, etc. Victoria, Australia :
Name of publisher, distributor, etc. Margaret Gee,
Date of publication, distribution, etc. 1992.
300 ## - PHYSICAL DESCRIPTION
Extent xvi, 417 pages :
Other physical details illustrations ;
Dimensions 20 cm.
336 ## - CONTENT TYPE
Content type term text
Content type code txt
Source rdacontent
337 ## - MEDIA TYPE
Media type term unmediated
Media type code n
Source rdamedia
338 ## - CARRIER TYPE
Carrier type term volume
Carrier type code nc
Source rdacarrier
500 ## - GENERAL NOTE
General note Includes index.
650 #1 - SUBJECT ADDED ENTRY--TOPICAL TERM
Topical term or geographic name entry element Heart
General subdivision Diseases
Form subdivision Popular works.
650 ## - SUBJECT ADDED ENTRY--TOPICAL TERM
Topical term or geographic name entry element Heart diseases
General subdivision Prevention
Form subdivision Popular works.
650 ## - SUBJECT ADDED ENTRY--TOPICAL TERM
Topical term or geographic name entry element Heart diseases
General subdivision Patients
Form subdivision Rehabilitation.
650 ## - SUBJECT ADDED ENTRY--TOPICAL TERM
Topical term or geographic name entry element Heart diseases
General subdivision Nutritional aspects
Form subdivision Popular works.
907 ## - LOCAL DATA ELEMENT G, LDG (RLIN)
a .b10410648
b 06-10-21
c 06-10-21
942 ## - ADDED ENTRY ELEMENTS (KOHA)
Koha item type Ordinary Loan Books
Call number prefix RC672
Call number suffix KOW
Holdings
Date last seen Total Checkouts Full call number Barcode Cost, replacement price Price effective from Koha item type Lost status Source of classification or shelving scheme Damaged status Not for loan Collection Withdrawn status Home library Current library Shelving location Date acquired Cost, normal purchase price
01/20/2023   RC672 STE 92004048446 80.00 01/20/2023 BOOKS   LCC     NFIC   MEDICAL MEDICAL GEN 01/20/2023 80.00